[Event "DEM U14w 2016"]
[Site "Willingen GER"]
[Date "2016.05.15"]
[Round "2"]
[White "Schneider, Jana"]
[Black "Weimert, Miriam"]
[Result "1-0"]
[Termination "normal"]
[Board "1"]
[WhiteElo "2117"]
[BlackElo "1761"]
[WhiteClock "01:05:18"]
[BlackClock "00:29:16"]
[PlyCount "51"]
[WhiteFideId "12924997"]
[BlackFideId "12966703"]
[EventCountry "GER"]
[EventRounds "9"]
[EventType "swiss"]
[EventDate "2016.05.14"]

1. e4 d6 2. d4 Nf6 3. Nc3 g6 4. f3 Bg7 5. Be3 c6 6. Qd2 O-O 7. Bh6 b5 8. g4 e5
9. O-O-O b4 10. Nce2 Qb6 11. h4 a5 12. h5 a4 13. hxg6 fxg6 14. Bxg7 Kxg7 15.
Qh6+ Kg8 16. g5 Nh5 17. Ng3 Qb7 18. Nxh5 gxh5 19. dxe5 d5 20. Qxh5 b3 21. cxb3
axb3 22. a3 Qe7 23. Kb1 Rf7 24. g6 Rg7 25. exd5 hxg6 26. Qh8+ 1-0

[Event "DEM U14w 2016"]
[Site "Willingen GER"]
[Date "2016.05.15"]
[Round "2"]
[White "Mönster, Madita"]
[Black "Mütsch, Annmarie"]
[Result "1/2-1/2"]
[Termination "normal"]
[Board "2"]
[WhiteElo "1738"]
[BlackElo "1984"]
[WhiteClock "00:19:42"]
[BlackClock "00:21:25"]
[PlyCount "108"]
[WhiteFideId "12947156"]
[BlackFideId "12971367"]
[EventCountry "GER"]
[EventRounds "9"]
[EventType "swiss"]
[EventDate "2016.05.14"]

1. e4 e5 2. Nf3 Nc6 3. Bc4 Bc5 4. b4 Bxb4 5. c3 Be7 6. d4 Na5 7. Be2 d6 8. Qa4+
c6 9. dxe5 b5 10. Qc2 Be6 11. exd6 Bxd6 12. Nd4 Qc8 13. O-O Ne7 14. f4 Bc4 15.
a4 a6 16. Bxc4 Nxc4 17. Na3 Bxa3 18. Rxa3 O-O 19. Ra2 c5 20. Nf3 Qc6 21. f5 f6
22. Bf4 Nb6 23. axb5 axb5 24. Rfa1 Rxa2 25. Rxa2 Re8 26. Qd3 Nec8 27. e5 Nd5
28. Bg3 Nce7 29. exf6 Qxf6 30. Qxb5 Rc8 31. Qc4 Qxc3 32. Qxc3 Nxc3 33. Rc2 Ncd5
34. Bd6 Nxf5 35. Rxc5 Nxd6 36. Rxd5 Ne4 37. h3 h6 38. Rd7 Kh7 39. Re7 Ng3 40.
Nd4 Nh5 41. Ne6 Kg6 42. Nd4 Rd8 43. Ne2 Kf6 44. Re3 g5 45. Rf3+ Kg6 46. Kf2 Nf6
47. g4 Ne4+ 48. Kg2 Rd2 49. Re3 Nc3 50. Rxc3 Rxe2+ 51. Kf3 Re6 52. Kg3 Kf6 53.
Rf3+ Ke5 54. h4 Rg6 1/2-1/2

[Event "DEM U14w 2016"]
[Site "Willingen GER"]
[Date "2016.05.15"]
[Round "2"]
[White "Müdder, Melanie"]
[Black "Rosenhain, Rachela"]
[Result "0-1"]
[Termination "normal"]
[Board "4"]
[WhiteElo "1527"]
[BlackElo "1877"]
[WhiteClock "00:59:37"]
[BlackClock "01:19:17"]
[PlyCount "62"]
[WhiteFideId "12994103"]
[BlackFideId "12957615"]
[EventCountry "GER"]
[EventRounds "9"]
[EventType "swiss"]
[EventDate "2016.05.14"]

1. e4 e5 2. Bc4 Nf6 3. d4 exd4 4. Nf3 Nc6 5. O-O Bc5 6. e5 d5 7. exf6 dxc4 8.
Re1+ Be6 9. Ng5 Qd5 10. Nc3 Qf5 11. Nce4 O-O-O 12. fxg7 Rhg8 13. Nxe6 fxe6 14.
Nxc5 Qxc5 15. Rxe6 Rxg7 16. Bh6 Rxg2+ 17. Kxg2 Qd5+ 18. Kf1 Qxe6 19. Qh5 Qe4
20. Re1 Qxc2 21. Qg4+ Kb8 22. Bg5 Rc8 23. Qd7 Qd3+ 24. Kg1 Qg6 25. Qg4 h6 26.
h4 hxg5 27. h5 Qg7 28. Re6 Qd7 29. Qe4 d3 30. Qe1 d2 31. Qd1 Qxe6 0-1

[Event "DEM U14w 2016"]
[Site "Willingen GER"]
[Date "2016.05.15"]
[Round "2"]
[White "Wastian, Mareike"]
[Black "Reitz, Theresa"]
[Result "1-0"]
[Termination "normal"]
[Board "5"]
[WhiteElo "1612"]
[BlackElo "1629"]
[WhiteClock "00:35:38"]
[BlackClock "00:27:04"]
[PlyCount "71"]
[WhiteFideId "12947423"]
[BlackFideId "12971901"]
[EventCountry "GER"]
[EventRounds "9"]
[EventType "swiss"]
[EventDate "2016.05.14"]

1. e4 c5 2. d4 cxd4 3. c3 g6 4. cxd4 d5 5. e5 Nc6 6. Nf3 Bg4 7. Be2 Bg7 8. O-O
e6 9. Nc3 Nge7 10. Be3 Nf5 11. Qd2 O-O 12. Rac1 Rc8 13. Rfd1 Qd7 14. Na4 Bxf3
15. Nc5 Qe7 16. Bxf3 b6 17. Nb3 Rc7 18. Rc3 Rfc8 19. Rdc1 f6 20. exf6 Bxf6 21.
Bf4 Nd6 22. Re1 Nc4 23. Qc2 Bxd4 24. Bxc7 Bxc3 25. Qxc3 Rxc7 26. Bxd5 N4e5 27.
Bxc6 Nxc6 28. Rc1 Qd6 29. Nd4 Rd7 30. Nxc6 Qd1+ 31. Qe1 Qxe1+ 32. Rxe1 Rd2 33.
Rb1 a5 34. Kf1 Kf7 35. Ne5+ Ke7 36. Nc4 1-0

[Event "DEM U14w 2016"]
[Site "Willingen GER"]
[Date "2016.05.15"]
[Round "2"]
[White "Bui, Ngoc Han Julia"]
[Black "Kublanov, Elizabeth"]
[Result "1-0"]
[Termination "normal"]
[Board "6"]
[WhiteElo "1735"]
[BlackElo "1462"]
[WhiteClock "00:17:06"]
[BlackClock "00:00:47"]
[PlyCount "71"]
[WhiteFideId "12977055"]
[BlackFideId "12944564"]
[EventCountry "GER"]
[EventRounds "9"]
[EventType "swiss"]
[EventDate "2016.05.14"]

1. e4 e5 2. Nf3 Nc6 3. Bc4 Bc5 4. O-O d6 5. d3 Nf6 6. c3 Bg4 7. Nbd2 O-O 8. Re1
Bh5 9. Nf1 h6 10. Ng3 Bb6 11. Nxh5 Nxh5 12. Be3 Qf6 13. Nxe5 Bxe3 14. Ng4 Bxf2+
15. Nxf2 Nf4 16. d4 Qg6 17. Qf3 Qg5 18. Re3 Nxg2 19. Qxg2 Qxe3 20. Kh1 Ne7 21.
Rg1 Ng6 22. Qxg6 Qf3+ 23. Rg2 Qxg2+ 24. Qxg2 c6 25. Ng4 Kh8 26. e5 Rae8 27. Qh3
dxe5 28. Nxe5 Re7 29. Qh5 b5 30. Bxf7 Rfxf7 31. Nxf7+ Kg8 32. Ne5 a6 33. Nxc6
Re1+ 34. Kg2 Re6 35. Qd5 Kh7 36. Qxe6 1-0

[Event "DEM U14w 2016"]
[Site "Willingen GER"]
[Date "2016.05.15"]
[Round "2"]
[White "Könze, Heike"]
[Black "Geletzke, Hannah"]
[Result "0-1"]
[Termination "normal"]
[Board "7"]
[WhiteElo "1728"]
[BlackElo "1503"]
[PlyCount "64"]
[WhiteFideId "12964476"]
[BlackFideId "12983330"]
[EventCountry "GER"]
[EventRounds "9"]
[EventType "swiss"]
[EventDate "2016.05.14"]

1. e4 c5 2. Nf3 d6 3. d4 cxd4 4. Nxd4 Nf6 5. Nc3 a6 6. f3 e5 7. Nb3 Be6 8. Be3
Be7 9. Qd2 Qc7 10. Be2 Nbd7 11. g4 b5 12. a3 Rb8 13. h4 Nb6 14. Bxb6 Qxb6 15.
Kf1 Nd7 16. Nd5 Bxd5 17. Qxd5 Rc8 18. Rc1 Nc5 19. Kg2 Na4 20. c4 bxc4 21. Bxc4
O-O 22. Rc2 Nc5 23. Nd2 Ne6 24. Kg3 Nd4 25. Qxf7+ Rxf7 26. Bxf7+ Kxf7 27. Rxc8
Qxb2 28. Nc4 Ne2+ 29. Kf2 Qa2 30. Ke3 Nd4 31. Nd2 Qxa3+ 32. Kf2 Qd3 0-1

[Event "DEM U14w 2016"]
[Site "Willingen GER"]
[Date "2016.05.15"]
[Round "2"]
[White "Ehmann, Johanna"]
[Black "Flach, Helene"]
[Result "1-0"]
[Termination "normal"]
[Board "8"]
[WhiteElo "1727"]
[BlackElo "1822"]
[PlyCount "97"]
[WhiteFideId "12953130"]
[BlackFideId "12929735"]
[EventCountry "GER"]
[EventRounds "9"]
[EventType "swiss"]
[EventDate "2016.05.14"]

1. e4 c5 2. Nf3 e6 3. d4 cxd4 4. Nxd4 a6 5. c4 Qc7 6. a3 Nf6 7. Nc3 b6 8. Be3
Bb7 9. f3 d6 10. Be2 Nbd7 11. O-O Be7 12. Rc1 O-O 13. b4 Rac8 14. Nb3 Qb8 15.
Kh1 Bd8 16. Bg1 Bc7 17. Re1 Qa8 18. Bf1 Ne5 19. c5 bxc5 20. bxc5 Rfd8 21. Qe2
Ned7 22. c6 Bxc6 23. Qxa6 Qb7 24. Qxb7 Bxb7 25. Nb5 Bb8 26. Na5 Ba8 27. Nd4 Nc5
28. Bb5 Nfd7 29. Ndc6 Re8 30. Bxc5 Bxc6 31. Nxc6 Nxc5 32. Nxb8 Rxb8 33. Bxe8
Rxe8 34. Red1 e5 35. Rxd6 Ne6 36. Rdc6 f6 37. Rc8 Kf7 38. Rxe8 Kxe8 39. a4 Kd7
40. a5 Nc7 41. Kg1 Na6 42. Kf2 Nb4 43. Rb1 Nd3+ 44. Ke3 Nc5 45. Rb6 Kc7 46. f4
Nd7 47. Rb1 exf4+ 48. Kxf4 Nc5 49. Rc1 1-0

[Event "DEM U14w 2016"]
[Site "Willingen GER"]
[Date "2016.05.15"]
[Round "2"]
[White "Voß, Henrike"]
[Black "Garbuz, Nicole"]
[Result "1/2-1/2"]
[Termination "normal"]
[Board "9"]
[WhiteElo "1461"]
[BlackElo "1618"]
[PlyCount "82"]
[WhiteFideId "12971910"]
[BlackFideId "12990701"]
[EventCountry "GER"]
[EventRounds "9"]
[EventType "swiss"]
[EventDate "2016.05.14"]

1. e4 e5 2. Nf3 Nc6 3. Bc4 Nf6 4. d3 Be7 5. c3 O-O 6. Bb3 d5 7. Nbd2 Bg4 8.
exd5 Nxd5 9. Ne4 Nf6 10. O-O Qd7 11. Ng3 Rad8 12. Bc2 Nh5 13. h3 Nxg3 14. fxg3
Bf5 15. Re1 Qd6 16. Kh2 Bxd3 17. Bxd3 Qxd3 18. Qxd3 Rxd3 19. Nxe5 Nxe5 20. Rxe5
Bd6 21. Re3 Rd1 22. Re2 h6 23. a3 Rd8 24. b4 a6 25. Rea2 Rd3 26. Bf4 Bxf4 27.
gxf4 Rxc3 28. Re1 Kf8 29. Re4 Re8 30. Rd4 g6 31. a4 f5 32. Rb2 b6 33. b5 a5 34.
Rbd2 c6 35. Rd6 cxb5 36. axb5 Rb8 37. Rxg6 Rc5 38. Rxh6 Kg7 39. Rc6 Rxb5 40.
Rd7+ Kh8 41. Rh6+ Kg8 1/2-1/2

[Event "DEM U14w 2016"]
[Site "Willingen GER"]
[Date "2016.05.15"]
[Round "2"]
[White "Truong, Lisa"]
[Black "Abele, Anais"]
[Result "1/2-1/2"]
[Termination "normal"]
[Board "10"]
[WhiteElo "1655"]
[BlackElo "1560"]
[PlyCount "99"]
[WhiteFideId "12983462"]
[BlackFideId "16208927"]
[EventCountry "GER"]
[EventRounds "9"]
[EventType "swiss"]
[EventDate "2016.05.14"]

1. d4 Nf6 2. c4 e6 3. Nc3 d5 4. Bg5 Nbd7 5. e3 c6 6. Nf3 Qa5 7. Bxf6 Nxf6 8.
Nd2 Bb4 9. Qc2 O-O 10. Bd3 Bxc3 11. bxc3 Re8 12. O-O h6 13. Nf3 c5 14. Rab1
cxd4 15. cxd4 Qc7 16. c5 Nd7 17. Bb5 a6 18. Bxd7 Bxd7 19. Rb6 Bb5 20. Rb1 Rac8
21. a4 Qxb6 22. axb5 axb5 23. Qb3 Qa6 24. Qxb5 Qxb5 25. Rxb5 Ra8 26. g3 Ra7 27.
Nd2 Rea8 28. Nb3 Ra2 29. Rxb7 Rc2 30. Rb6 Kf8 31. c6 Ke7 32. Rb7+ Kd6 33. Rxf7
Kxc6 34. Rxg7 Rb8 35. Nc5 Rb1+ 36. Kg2 Rcc1 37. Nxe6 Rg1+ 38. Kh3 Rb2 39. Rc7+
Kd6 40. Kg4 Kxe6 41. Rc6+ Kd7 42. Rxh6 Rxf2 43. Rh7+ Ke6 44. Rh6+ Rf6 45. Rxf6+
Kxf6 46. h4 Re1 47. Kf3 Kg6 48. Kf4 Rg1 49. g4 Rg2 50. Kf3 1/2-1/2

[Event "DEM U14w 2016"]
[Site "Willingen GER"]
[Date "2016.05.15"]
[Round "2"]
[White "Du, Jessica"]
[Black "Wong, Kar Yan"]
[Result "0-1"]
[Termination "normal"]
[Board "11"]
[WhiteElo "1520"]
[BlackElo "1515"]
[PlyCount "60"]
[WhiteFideId "12988529"]
[BlackFideId "12971855"]
[EventCountry "GER"]
[EventRounds "9"]
[EventType "swiss"]
[EventDate "2016.05.14"]

1. e4 c5 2. Nf3 d6 3. d4 cxd4 4. Nxd4 Nf6 5. Nc3 a6 6. Be2 e6 7. Be3 Qc7 8. O-O
b5 9. a3 Bb7 10. Bf3 Nbd7 11. Re1 Nb6 12. Bg5 Nfd7 13. Nde2 Ne5 14. Ng3 Nec4
15. Rb1 Nxa3 16. bxa3 Qxc3 17. Rb3 Qc7 18. Ree3 Nc4 19. Rec3 Be7 20. Be3 Qd7
21. Qb1 Na5 22. Rb2 Bf6 23. Rd3 Bxb2 24. Qxb2 O-O 25. Bc5 Nc4 26. Qc3 Rac8 27.
Qd4 e5 28. Qc3 Rxc5 29. Nf5 Qc7 30. Qe1 Rd8 0-1

[Event "DEM U14w 2016"]
[Site "Willingen GER"]
[Date "2016.05.15"]
[Round "2"]
[White "Mundt, Alexandra"]
[Black "Bünte, Kirsten"]
[Result "1-0"]
[Termination "normal"]
[Board "12"]
[WhiteElo "1259"]
[BlackElo "1453"]
[PlyCount "113"]
[WhiteFideId "16217276"]
[BlackFideId "16200535"]
[EventCountry "GER"]
[EventRounds "9"]
[EventType "swiss"]
[EventDate "2016.05.14"]

1. e4 c6 2. d4 d5 3. e5 c5 4. c3 Nc6 5. Nf3 Bg4 6. Be3 e6 7. Be2 Nge7 8. O-O
Nf5 9. Re1 Be7 10. Nbd2 Qb6 11. dxc5 Bxc5 12. Bxc5 Qxc5 13. Nb3 Qb6 14. h3 Bxf3
15. Bxf3 O-O 16. Qc2 Qc7 17. Qe2 Nfe7 18. Nc5 Nxe5 19. Qxe5 Qxc5 20. Rac1 Ng6
21. Qg3 Qc4 22. a3 Qf4 23. Qxf4 Nxf4 24. Rcd1 Rfe8 25. Rd4 Ng6 26. Rb4 b6 27.
Rd4 Rad8 28. c4 dxc4 29. Rxc4 Rc8 30. Ra4 a5 31. b4 axb4 32. Rxb4 Rc3 33. a4
Ra3 34. Rxb6 Rd8 35. Ra6 e5 36. a5 f5 37. Ra7 e4 38. Be2 Ne5 39. Rc1 h6 40.
Rcc7 g6 41. Rg7+ Kf8 42. Rh7 Kg8 43. Rxh6 Rd6 44. Rhh7 Nd3 45. Rhc7 Rd8 46.
Rg7+ Kf8 47. Rxg6 f4 48. Rf6+ Kg8 49. Bh5 Ra1+ 50. Kh2 e3 51. Bf7+ Kg7 52. Rg6+
Kh8 53. fxe3 fxe3 54. Re6 Re1 55. Rh6+ Kg7 56. Rg6+ Kh8 57. Be6 1-0

[Event "DEM U14w 2016"]
[Site "Willingen GER"]
[Date "2016.05.15"]
[Round "2"]
[White "Kung, Fanny"]
[Black "Albert, Eske"]
[Result "0-1"]
[Termination "normal"]
[Board "13"]
[WhiteElo "1472"]
[BlackElo "1166"]
[PlyCount "116"]
[WhiteFideId "12987689"]
[BlackFideId "12991813"]
[EventCountry "GER"]
[EventRounds "9"]
[EventType "swiss"]
[EventDate "2016.05.14"]

1. e4 e5 2. Nf3 Nc6 3. Bc4 d6 4. c3 Bg4 5. Qb3 Qd7 6. Ng5 Bh5 7. Qxb7 Rb8 8.
Qa6 Rb6 9. Qa4 Nge7 10. O-O d5 11. exd5 Nxd5 12. Re1 f6 13. Ne4 Be7 14. Ng3 Bf7
15. Qc2 O-O 16. d3 Re8 17. Nd2 Bd6 18. Nde4 Nde7 19. Bxf7+ Kxf7 20. Nxd6+ cxd6
21. Be3 Rb7 22. Rad1 Qe6 23. a3 Kg8 24. d4 Qb3 25. Qxb3+ Rxb3 26. d5 Na5 27.
Bxa7 Rxb2 28. Ne4 Ra2 29. Ra1 Rxa1 30. Rxa1 Nc4 31. a4 Nxd5 32. a5 Ra8 33. Be3
Rxa5 34. Rxa5 Nxa5 35. Nxd6 Nxe3 36. fxe3 Kf8 37. Kf1 g6 38. Ke2 Ke7 39. Nb5 e4
40. Na3 Ke6 41. Kd2 Kd5 42. Kc2 g5 43. Nb5 Nc4 44. Nc7+ Ke5 45. Kb3 Nxe3 46.
Nb5 Nxg2 47. Nd4 Nf4 48. Kc2 Kd5 49. Kd2 Ne6 50. Ne2 f5 51. Ng3 f4 52. Nf1 h5
53. Ke2 g4 54. Kd2 e3+ 55. Ke2 Kc4 56. Kd1 Kxc3 57. Ke2 Kd4 58. Kd1 Kd3 0-1

[Event "DEM U14w 2016"]
[Site "Willingen GER"]
[Date "2016.05.15"]
[Round "2"]
[White "Eulitz, Charlotte"]
[Black "Mirschel, Alina"]
[Result "1-0"]
[Termination "normal"]
[Board "14"]
[WhiteElo "1513"]
[BlackElo "1008"]
[PlyCount "165"]
[WhiteFideId "12964654"]
[BlackFideId "12997048"]
[EventCountry "GER"]
[EventRounds "9"]
[EventType "swiss"]
[EventDate "2016.05.14"]

1. e4 e5 2. Nf3 Nc6 3. Bc4 Bc5 4. c3 Nf6 5. d4 exd4 6. e5 Ng4 7. cxd4 Bb4+ 8.
Nc3 d5 9. Bb5 a6 10. Ba4 O-O 11. O-O b5 12. Bb3 Ne7 13. h3 Nh6 14. Bg5 c6 15.
Qd2 Qd7 16. Bxh6 gxh6 17. Qxh6 Qf5 18. Nh4 Qe6 19. Bc2 Qxh6 20. Nf3 Qg7 21. Kh1
Kh8 22. Ne2 c5 23. a3 Rg8 24. Nf4 Qh6 25. axb4 Qxf4 26. Bd1 Qh6 27. Kh2 Rg7 28.
Rg1 Ng6 29. Ra3 Nf4 30. Ne1 Bxh3 31. gxh3 Rxg1 32. Kxg1 Nxh3+ 33. Kf1 Nf4 34.
Rg3 Rg8 35. Bg4 f5 36. exf6 Qh4 37. f7 Rf8 38. Nf3 Qe7 39. bxc5 Rxf7 40. Ne5
Rg7 41. Rf3 Qf6 42. c6 h5 43. Bd7 Qh4 44. Ke1 Qh1+ 45. Kd2 Ng6 46. c7 Rg8 47.
Nxg6+ Kh7 48. Rf8 Qg2 49. c8=Q Qxg6 50. Bf5 Rxf8 51. Bxg6+ Kg7 52. Qxa6 Rf6 53.
Qxb5 Kxg6 54. Ke3 h4 55. Qxd5 Rf5 56. Qg2+ Kh5 57. Qh3 Rg5 58. Kf4 Rg6 59. Qf5+
Kh6 60. Qxg6+ Kxg6 61. Kg4 Kf6 62. Kxh4 Ke6 63. b4 Kd6 64. f4 Kd5 65. b5 Kxd4
66. b6 Ke4 67. b7 Kxf4 68. b8=Q+ Ke4 69. Qb5 Kd4 70. Kg5 Ke4 71. Kf6 Kd4 72.
Ke6 Ke4 73. Qb4+ Kd3 74. Ke5 Ke3 75. Qb3+ Kf2 76. Ke4 Kg2 77. Kf4 Kh2 78. Kg4
Kg2 79. Qb2+ Kf1 80. Kg3 Ke1 81. Kf3 Kd1 82. Ke3 Ke1 83. Qe2# 1-0

[Event "DEM U14w 2016"]
[Site "Willingen GER"]
[Date "2016.05.16"]
[Round "3"]
[White "Rosenhain, Rachela"]
[Black "Schneider, Jana"]
[Result "0-1"]
[Termination "normal"]
[Board "1"]
[WhiteElo "1877"]
[BlackElo "2117"]
[WhiteClock "00:10:48"]
[BlackClock "00:13:29"]
[PlyCount "66"]
[WhiteFideId "12957615"]
[BlackFideId "12924997"]
[EventCountry "GER"]
[EventRounds "9"]
[EventType "swiss"]
[EventDate "2016.05.14"]

1. e4 e5 2. Nf3 Nc6 3. Bc4 Bc5 4. O-O Nf6 5. d4 Bxd4 6. Nxd4 Nxd4 7. f4 d6 8.
fxe5 dxe5 9. Bg5 Qe7 10. c3 Ne6 11. Bxf6 Qc5+ 12. Kh1 Qxc4 13. Bxe5 Qb5 14. Rf5
Qxb2 15. c4 Qb4 16. Nd2 O-O 17. Rb1 Qe7 18. Nb3 Ng5 19. Rxg5 Qxg5 20. Bxc7 Re8
21. e5 Bg4 22. Qd5 b6 23. Nd4 Be6 24. Qc6 Rac8 25. c5 Qd2 26. Qd6 Bxa2 27. Rg1
bxc5 28. Nb5 Bd5 29. Qa6 Bc4 30. Qc6 Bxb5 31. Qxb5 c4 32. Qxc4 Qd7 33. Rc1 h6
0-1

[Event "DEM U14w 2016"]
[Site "Willingen GER"]
[Date "2016.05.16"]
[Round "3"]
[White "Wastian, Mareike"]
[Black "Schulze, Lara"]
[Result "1/2-1/2"]
[Termination "normal"]
[Board "2"]
[WhiteElo "1612"]
[BlackElo "2041"]
[WhiteClock "00:41:18"]
[BlackClock "00:01:18"]
[PlyCount "93"]
[WhiteFideId "12947423"]
[BlackFideId "12956830"]
[EventCountry "GER"]
[EventRounds "9"]
[EventType "swiss"]
[EventDate "2016.05.14"]

1. e4 e6 2. Nf3 d5 3. Nc3 Nf6 4. e5 Nfd7 5. d4 c5 6. Bg5 Qa5 7. dxc5 Bxc5 8. a3
Qc7 9. Nb5 Qb6 10. Qd2 a6 11. b4 axb5 12. bxc5 Nxc5 13. Qb4 Bd7 14. Be2 Ra4 15.
Qb2 Ne4 16. Be3 Qa5+ 17. Bd2 Nxd2 18. Nxd2 b4 19. O-O bxa3 20. Qxb7 O-O 21. Nb3
Qc3 22. Bd3 Rb4 23. Qa7 Nc6 24. Qe3 Qxe5 25. Qh3 g6 26. Rxa3 Qd6 27. Rfa1 e5
28. Qg3 Rg4 29. Qe3 Nb4 30. Qd2 Nxd3 31. cxd3 Bb5 32. Ra5 Rb4 33. Qc3 d4 34.
Qc2 Rb8 35. Nd2 Qb6 36. h3 Kg7 37. Nf3 f6 38. Ra7+ Rb7 39. Rxb7+ Qxb7 40. Qc5
Ra4 41. Rb1 Ra5 42. Nd2 Kg8 43. Ne4 f5 44. Nd6 Bxd3 45. Qxa5 Qxb1+ 46. Kh2 Qb3
47. Qd8+ 1/2-1/2

[Event "DEM U14w 2016"]
[Site "Willingen GER"]
[Date "2016.05.16"]
[Round "3"]
[White "Mütsch, Annmarie"]
[Black "Ehmann, Johanna"]
[Result "1-0"]
[Termination "normal"]
[Board "3"]
[WhiteElo "1984"]
[BlackElo "1727"]
[WhiteClock "00:42:51"]
[BlackClock "00:14:15"]
[PlyCount "141"]
[WhiteFideId "12971367"]
[BlackFideId "12953130"]
[EventCountry "GER"]
[EventRounds "9"]
[EventType "swiss"]
[EventDate "2016.05.14"]

1. e4 e5 2. Nf3 Nc6 3. Bc4 Bc5 4. c3 Nf6 5. d3 a6 6. Bb3 Ba7 7. Nbd2 d6 8. Nf1
d5 9. Qe2 dxe4 10. dxe4 O-O 11. Ng3 Qe7 12. O-O Be6 13. Nh4 Bg4 14. Qe1 Nd7 15.
Nhf5 Bxf5 16. Nxf5 Qf6 17. Qe2 Ne7 18. Ng3 Nc5 19. Bc2 Ng6 20. Qg4 Ne6 21. Qf5
Qh4 22. Ne2 Nef4 23. Bxf4 Nxf4 24. Nxf4 Qxf4 25. Qxf4 exf4 26. Rfd1 Rad8 27.
Kf1 g5 28. h3 Kg7 29. a4 a5 30. b4 axb4 31. cxb4 c5 32. b5 b6 33. Bb3 Rd4 34.
Rxd4 cxd4 35. Rd1 Rd8 36. Bd5 Kf6 37. Rxd4 Ke5 38. Rc4 f5 39. f3 Rd7 40. Bc6
Rf7 41. exf5 Rxf5 42. Re4+ Kf6 43. Re8 Re5 44. Ra8 Re7 45. Be4 h6 46. Rh8 Rc7
47. Rxh6+ Ke5 48. Bc6 Rg7 49. Rh8 Kd4 50. Re8 Kc5 51. Ke2 Kd6 52. Kd3 Re7 53.
Rxe7 Kxe7 54. Ke4 Kf6 55. Kd5 Bb8 56. Bd7 Bc7 57. Kc6 Bd8 58. Be8 Ke7 59. Bg6
Ke6 60. a5 bxa5 61. b6 Bxb6 62. Kxb6 a4 63. Kc5 Kf6 64. Bb1 a3 65. Kd6 Kg7 66.
Ke5 Kh6 67. h4 gxh4 68. Kxf4 Kh5 69. Ba2 h3 70. Bf7+ Kh4 71. g3# 1-0

[Event "DEM U14w 2016"]
[Site "Willingen GER"]
[Date "2016.05.16"]
[Round "3"]
[White "Geletzke, Hannah"]
[Black "Bui, Ngoc Han Julia"]
[Result "0-1"]
[Termination "normal"]
[Board "4"]
[WhiteElo "1503"]
[BlackElo "1735"]
[WhiteClock "00:02:23"]
[BlackClock "00:05:00"]
[PlyCount "86"]
[WhiteFideId "12983330"]
[BlackFideId "12977055"]
[EventCountry "GER"]
[EventRounds "9"]
[EventType "swiss"]
[EventDate "2016.05.14"]

1. d4 Nf6 2. c4 g6 3. Nc3 d5 4. cxd5 Nxd5 5. e4 Nxc3 6. bxc3 Bg7 7. Nf3 c5 8.
Bb5+ Nd7 9. O-O O-O 10. Re1 a6 11. Ba4 b5 12. Bc2 Nb6 13. Bf4 cxd4 14. cxd4 Bg4
15. Rc1 Ra7 16. Be3 Rd7 17. d5 e6 18. h3 Bxf3 19. Qxf3 Nc4 20. Bc5 Re8 21. dxe6
Rxe6 22. Bb3 Rf6 23. Qe2 Ne5 24. Bd5 Bf8 25. Bd4 Re6 26. Rcd1 Re8 27. f4 Nc4
28. Bc6 Rxd4 29. Bxe8 Bc5 30. Bxf7+ Kxf7 31. Kh1 Rd2 32. Rxd2 Qxd2 33. Qxd2
Nxd2 34. Kh2 a5 35. e5 b4 36. Rc1 Be3 37. Rc7+ Ke6 38. Kg3 a4 39. Rc6+ Kd7 40.
Rd6+ Ke7 41. Rd3 b3 42. axb3 axb3 43. e6 b2 0-1

[Event "DEM U14w 2016"]
[Site "Willingen GER"]
[Date "2016.05.16"]
[Round "3"]
[White "Reitz, Theresa"]
[Black "Mönster, Madita"]
[Result "0-1"]
[Termination "normal"]
[Board "5"]
[WhiteElo "1629"]
[BlackElo "1738"]
[WhiteClock "00:30:31"]
[BlackClock "00:26:48"]
[PlyCount "86"]
[WhiteFideId "12971901"]
[BlackFideId "12947156"]
[EventCountry "GER"]
[EventRounds "9"]
[EventType "swiss"]
[EventDate "2016.05.14"]

1. e4 c5 2. Ne2 Nc6 3. c4 g6 4. Nbc3 Bg7 5. d3 Nf6 6. h3 O-O 7. Be3 b6 8. d4
cxd4 9. Nxd4 Bb7 10. Nf3 Rc8 11. Bd3 d6 12. O-O Nd7 13. Qc2 Nc5 14. a3 Ne6 15.
Ng5 Ned4 16. Qd1 Na5 17. Rc1 h6 18. Bxd4 Bxd4 19. Nf3 Bg7 20. Qe2 Nb3 21. Rc2
Re8 22. Nb5 a6 23. Nc3 e6 24. Rd1 Rc7 25. Nd2 Nd4 26. Qe3 Nxc2 27. Bxc2 Rc8 28.
Nf3 Rxc4 29. Qd3 b5 30. Bb3 Rc6 31. Nd4 Rc8 32. Nde2 Bf8 33. f4 Qb6+ 34. Kh1
Rcd8 35. Qg3 b4 36. Na4 Qa5 37. axb4 Qxb4 38. Rd4 Qb5 39. Nec3 Qxb3 40. f5 exf5
41. exf5 Bg7 42. Rg4 g5 43. h4 f6 0-1

[Event "DEM U14w 2016"]
[Site "Willingen GER"]
[Date "2016.05.16"]
[Round "3"]
[White "Weimert, Miriam"]
[Black "Eulitz, Charlotte"]
[Result "1/2-1/2"]
[Termination "normal"]
[Board "6"]
[WhiteElo "1761"]
[BlackElo "1513"]
[WhiteClock "00:29:27"]
[BlackClock "00:19:01"]
[PlyCount "91"]
[WhiteFideId "12966703"]
[BlackFideId "12964654"]
[EventCountry "GER"]
[EventRounds "9"]
[EventType "swiss"]
[EventDate "2016.05.14"]

1. e4 e5 2. Nf3 Nc6 3. d4 exd4 4. Bc4 Bc5 5. c3 d3 6. Qxd3 d6 7. O-O Nf6 8. b4
Bb6 9. a4 a6 10. Na3 O-O 11. Nc2 Ne5 12. Nxe5 dxe5 13. Qe2 Qe7 14. Kh1 Bg4 15.
f3 Be6 16. a5 Ba7 17. Ba3 Qd7 18. Rad1 Qc6 19. Bxe6 Qxe6 20. Rd3 Qc4 21. Ne3
Bxe3 22. Qxe3 Nh5 23. g3 Qe6 24. Qg5 Nf6 25. Rfd1 h6 26. Qc1 Nh5 27. Qc2 Rfe8
28. Bb2 Nf6 29. Qg2 Rab8 30. g4 Qa2 31. Bc1 Qxg2+ 32. Kxg2 g5 33. h4 Nh7 34.
Rd7 Rbc8 35. Rh1 Kg7 36. c4 Red8 37. Rhd1 Re8 38. Bb2 Kf6 39. h5 Nf8 40. R7d5
c6 41. Rd6+ Ne6 42. Rd7 Rcd8 43. Rxd8 Rxd8 44. Rxd8 Nxd8 45. Kf2 Ne6 46. Ke3
1/2-1/2

[Event "DEM U14w 2016"]
[Site "Willingen GER"]
[Date "2016.05.16"]
[Round "3"]
[White "Kobald, Jacqueline"]
[Black "Kukulina, Sonja"]
[Result "1-0"]
[Termination "normal"]
[Board "7"]
[WhiteElo "1559"]
[BlackElo "1579"]
[PlyCount "81"]
[WhiteFideId "12988162"]
[BlackFideId "12977047"]
[EventCountry "GER"]
[EventRounds "9"]
[EventType "swiss"]
[EventDate "2016.05.14"]

1. e4 e5 2. Nf3 Nc6 3. Bb5 a6 4. Ba4 d6 5. c3 Nf6 6. d4 b5 7. Bb3 exd4 8. cxd4
d5 9. e5 Ne4 10. O-O Be7 11. Nc3 Nxc3 12. bxc3 O-O 13. Qd3 f5 14. Bf4 Be6 15.
Qd2 Na5 16. Bg5 Nc4 17. Qc1 Rc8 18. Bxe7 Qxe7 19. Qf4 c5 20. Ne1 cxd4 21. cxd4
Nb6 22. Nd3 Nd7 23. Rfc1 a5 24. Qd2 a4 25. Bd1 Rc4 26. Nb2 Rcc8 27. Be2 Rb8 28.
Rc7 Rfc8 29. Rxc8+ Rxc8 30. Bxb5 a3 31. Nd1 Nb6 32. Rb1 Nc4 33. Qd3 f4 34. Ba6
Rc7 35. Rb8+ Kf7 36. Qxh7 Qg5 37. Qg8+ Kg6 38. Qxe6+ Kh7 39. h4 Qh5 40. Qg8+
Kg6 41. Qe8+ 1-0